00586nam a2200169 4500020001800000082002300018100002300041245007500064260006500139300001000204650002200214650002100236650002000257942000700277999001900284952011300303 a9789388992466 aM 398.357 8bSAT/K aSathyan Kallurutty aKeralathile natanpattukalim nattuvaitharikalum/cby Sathyan Kallurutty aKottayam:bSahithya Pravarthaka Co-operative Society,c2025. a320p. aFolk Songs Kerala aFolk Literature  aSocial Sciences cBK c182051d182051 00104070aSSUSbSSUScSTACKSd2026-06-04g440.00l0oM 398.357 8 SAT/Kp109129r2026-06-04w2026-06-04yBK